|
|
|
|
| LEADER |
00000nam a22000007a 4500 |
| 003 |
CL-VaPUC |
| 005 |
20250321101945.0 |
| 008 |
250304T2011 ||||| |||| 00| 0 eng d |
| 999 |
|
|
|c 447096
|d 447094
|
| 020 |
|
|
|a 978-84-9801-563-8
|
| 040 |
|
|
|c Pontificia Universidad Católica de Valparaíso
|
| 082 |
|
|
|2 22
|a 779.2092 LUB 2011
|
| 100 |
|
|
|9 895952
|a Lubben, Kristen
|e edición
|
| 245 |
|
|
|a Magnum.
|b Hojas de contacto.
|
| 250 |
|
|
|a Primera edición en lengua
|
| 260 |
|
|
|a Barcelona, España:
|b Bume,
|c 2018.
|
| 300 |
|
|
|a 524 páginas:
|b fotografías.
|
| 500 |
|
|
|a c.1: Instituto Arcos. 08-01-2025
|
| 583 |
|
|
|c 20250128
|k Cristina María Rojas Aguilar
|
| 650 |
|
0 |
|9 269391
|a Fotografía artística
|x Métodos, edición, etc.
|z Siglos 20-21
|
| 650 |
|
0 |
|9 269391
|a Fotografía artística
|x Hechos históricos
|z Siglos 20-21
|
| 650 |
|
0 |
|9 327623
|a Fotógrafos
|v Compilación
|z Siglos 20-21
|
| 700 |
|
|
|9 895966
|a Rodríguez Arias, Alfonso
|e traducción
|e documentación
|
| 942 |
|
|
|2 ddc
|c BK
|n 0
|
| 952 |
|
|
|0 0
|1 0
|2 ddc
|4 0
|6 779_209200000000000_LUB_2011
|7 0
|8 A
|9 600555
|a BIBINC
|b BIBINC
|d 2025-01-08
|e Instituto Arcos
|i 5665507
|o 779.2092 LUB 2011
|p 5665507
|r 2025-03-04
|t 1
|w 2025-03-04
|y BK
|k IFP
|